Haemoglobinopathy Diagnosis (Record no. 934456)

MARC details
000 -LEADER
fixed length control field 00322nam a2200133Ia 4500
008 - FIXED-LENGTH DATA ELEMENTS--GENERAL INFORMATION
fixed length control field 231120s2020 xx 000 0 und d
041 ## - LANGUAGE CODE
Language code of text/sound track or separate title eng
082 ## - DEWEY DECIMAL CLASSIFICATION NUMBER
Classification number 616.07
Item number BAR
100 ## - MAIN ENTRY--PERSONAL NAME
Personal name Barbara J.Bain.
245 ## - TITLE STATEMENT
Title Haemoglobinopathy Diagnosis
250 ## - EDITION STATEMENT
Edition statement 3rd.
260 ## - PUBLICATION, DISTRIBUTION, ETC.
Name of publisher, distributor, etc. Wiley Blackell2020
Date of publication, distribution, etc. 2020
650 ## - SUBJECT ADDED ENTRY--TOPICAL TERM
Topical term or geographic name entry element Pathology
Holdings
Withdrawn status Lost status Damaged status Not for loan Home library Current library Date acquired Cost, normal purchase price Total Checkouts Full call number Barcode Date last seen Price effective from Koha item type
        Medical College, Pune Medical College, Pune 21/11/2023 12528.00   616.07 BAR MCP-21136 21/11/2023 21/11/2023 Book